| 000 | 00532nam a2200169 4500 | ||
|---|---|---|---|
| 001 | 44717 | ||
| 090 | _a44717 | ||
| 100 | _a20250904 pory50 | ||
| 101 | _apor | ||
| 102 | _aPT | ||
| 200 |
_aDon Carlos _dA grande Ópera _fGiuseppe Verdi _gidealiz e raliz. Marketing Editorial _gtexto Fernando Fraga Blas Matamoro _gil. Daniel de Labra _gtrad. Luís Serrão |
||
| 210 |
_a[S.l.] _cEdilibro _cEdiclube Coleccionáveis _d[D.l. 1999] |
||
| 215 |
_a64 p _e1 CD |
||
| 225 | _aA grande Ópera | ||
| 675 | _a782 | ||
| 801 |
_aPT _gRPC |
||
| 990 | _cLIVROS | ||